<?xml version="1.0" encoding="UTF-8"?><?xml-stylesheet type="text/xsl" href="static/style.xsl"?><OAI-PMH xmlns="http://www.openarchives.org/OAI/2.0/" xmlns:xsi="http://www.w3.org/2001/XMLSchema-instance" xsi:schemaLocation="http://www.openarchives.org/OAI/2.0/ http://www.openarchives.org/OAI/2.0/OAI-PMH.xsd"><responseDate>2026-04-14T03:36:54Z</responseDate><request verb="GetRecord" identifier="oai:www.recercat.cat:10230/49216" metadataPrefix="marc">https://recercat.cat/oai/request</request><GetRecord><record><header><identifier>oai:recercat.cat:10230/49216</identifier><datestamp>2025-12-13T21:28:02Z</datestamp><setSpec>com_2072_6</setSpec><setSpec>col_2072_452952</setSpec></header><metadata><record xmlns="http://www.loc.gov/MARC21/slim" xmlns:dcterms="http://purl.org/dc/terms/" xmlns:xsi="http://www.w3.org/2001/XMLSchema-instance" xmlns:doc="http://www.lyncode.com/xoai" xsi:schemaLocation="http://www.loc.gov/MARC21/slim http://www.loc.gov/standards/marcxml/schema/MARC21slim.xsd">
   <leader>00925njm 22002777a 4500</leader>
   <datafield ind2=" " ind1=" " tag="042">
      <subfield code="a">dc</subfield>
   </datafield>
   <datafield ind2=" " ind1=" " tag="720">
      <subfield code="a">Calvera Isabal, Miriam</subfield>
      <subfield code="e">author</subfield>
   </datafield>
   <datafield ind2=" " ind1=" " tag="720">
      <subfield code="a">Varas Paneque, Núria</subfield>
      <subfield code="e">author</subfield>
   </datafield>
   <datafield ind2=" " ind1=" " tag="720">
      <subfield code="a">Santos, Patricia</subfield>
      <subfield code="e">author</subfield>
   </datafield>
   <datafield ind2=" " ind1=" " tag="260">
      <subfield code="c">2021-12-15T10:45:36Z</subfield>
   </datafield>
   <datafield ind2=" " ind1=" " tag="260">
      <subfield code="c">2021-12-15T10:45:36Z</subfield>
   </datafield>
   <datafield ind2=" " ind1=" " tag="260">
      <subfield code="c">2021</subfield>
   </datafield>
   <datafield ind2=" " ind1=" " tag="520">
      <subfield code="a">Comunicació presentada a: 18th International Conference on Cognition and Exploratory Learning in the Digital Age (CELDA 2021) celebrat del 13 al 15 d&amp;apos;octubre de 2021de manera virtual</subfield>
   </datafield>
   <datafield ind2=" " ind1=" " tag="520">
      <subfield code="a">This paper describes a preliminary study of how computational methods allow us to know more about citizen science and&#xd;
its connection with education. Citizen science is a practice involving a general public in scientific tasks and generating&#xd;
knowledge and scientific results. Previous studies have shown that the education sector can take benefit of the knowledge&#xd;
and activities organized or resources generated in CS projects. Previous studies have shown that the education sector can&#xd;
take advantage of the knowledge and activities organized in CS projects. In this papers, we analyze three citizen science&#xd;
platforms (Eu.Citizen science platform, Observatorio de la ciencia ciudadana and Oficina de la ciència ciutadana) with&#xd;
computational analytics techniques to provide initial insights of how educators can take benefit of the analysis of large&#xd;
amounts of data from CS. Finally, different visualizations and dashboards have been developed as illustrative examples of&#xd;
tools to support educators and learners. These tools provide information about citizen science projects, an overview of&#xd;
scientific vocabulary, access to validated resources and examples of technology used in scientific inquiry that can be used&#xd;
with educational purposes.</subfield>
   </datafield>
   <datafield ind2=" " ind1=" " tag="520">
      <subfield code="a">This work has been partially funded by the CS Track project, European Union’s Horizon 2020 research and&#xd;
innovation programme under grant agreement No 872522. Patricia Santos acknowledges the support by the&#xd;
Spanish Ministry of Science and Innovation under the Ramon y Cajal programme.</subfield>
   </datafield>
   <datafield tag="653" ind2=" " ind1=" ">
      <subfield code="a">Citizen Science</subfield>
   </datafield>
   <datafield tag="653" ind2=" " ind1=" ">
      <subfield code="a">Education</subfield>
   </datafield>
   <datafield tag="653" ind2=" " ind1=" ">
      <subfield code="a">Data Analysis</subfield>
   </datafield>
   <datafield ind2="0" ind1="0" tag="245">
      <subfield code="a">Computational techniques for data science applied to broaden the&#xd;
knowledge between citizen science and education</subfield>
   </datafield>
</record></metadata></record></GetRecord></OAI-PMH>